00357nam a2200109Ia 4500008004100000020002100041040002900062050002500091100003400116245006600150260003100216230222s9999||||xx |||||||||||||| ||und|| a978-0-7020-32288 cChuka University Library aSBL RT 69 bW48 2010 aWaugh, Anne and Allison Grant 0aRoss and Wilson anatomy and physiology in health and illness  aElsevier bEdinburghc2010